00550cam a22002051 450000100060000000300080000600500170001400800390003103500190007003500190008904000270010804100080013508200230014310000230016624500550018926000320024430000310027650400190030765000180032614721BD-RjUL20211208235659.0140208s1953 enka 001 0 eng a(BD-RjUL)14775 a(OCoLC)6118659 aDLCcOCldBD-RjULbeng aeng a629.1388bTHA 19531 aThompson, G. V. E.14aThe adventure of space travel /cG. V. E. Thompson aLondon :bD. Dobson,c1953. a253 p. :billus. ;c20 cm. aInclude Index. 0aSpace flight.